Municipios de Córdoba - Map Quiz - Estadísticas

Estadísticas generales
  • Esta prueba ha sido intentada 639 veces
  • La puntuación promedio es 18 de 28
Respuestas en el mapa
Las respuestas están codificadas por una escala verde-roja en el mapa de la prueba según el % correcto abajo.
 
Estadísticas de respuestas
Respuesta % Correcto
MONTERIA
97%
CERETE
85%
LORICA
83%
MONTELIBANO
82%
PLANETA RICA
82%
SAHAGUN
80%
TIERRALTA
76%
AYAPEL
71%
CHINU
70%
SAN ANTERO
70%
SAN BERNARDO DEL VIENTO
69%
CIENAGA DE ORO
67%
LA APARTADA
63%
LOS CORDOBAS
62%
PUERTO ESCONDIDO
59%
VALENCIA
58%
MOMIL
57%
SAN PELAYO
57%
COTORRA
56%
PUERTO LIBERTADOR
56%
BUENAVISTA
54%
CANALETE
54%
CHIMA
53%
SAN ANDRES DE SOTAVENTO
52%
PURISIMA
49%
SAN CARLOS
48%
PUEBLO NUEVO
47%
MO¥ITOS
10%
No se encontraron pruebas coincidentes
Distribución de puntuación
Porcentaje de gente con cada puntuación
Porcentaje por número respondido
Historial de tus puntuaciones
No has intentado esta prueba.